000 00458nam a2200169Ia 4500
003 GCL
008 140319s9999 xx 000 0 ara d
040 _aGCL /
_cGCL
082 0 4 _aد
_b050
100 1 _aمحمد طلبة رزق
245 1 0 _aيوسف الصديق (اقرا 278) /
_cمحمد طلبة رزق
300 _a136
490 _aاقرأ
_v0
650 0 4 _aقصص الانبياء
650 0 4 _aيوسف عليه السلام
942 _2ddc
_cBK
999 _c48659
_d48659